Catálogo

Testimonio : (Registro nro. 66678)

Detalles MARC
000 -LEADER
fixed length control field 01110cam a2200277 i 4500
001 - CONTROL NUMBER
control field 66678
003 - CONTROL NUMBER IDENTIFIER
control field Mx-PuUPA
005 - DATE AND TIME OF LATEST TRANSACTION
control field 20230601130235.0
008 - FIXED-LENGTH DATA ELEMENTS--GENERAL INFORMATION
fixed length control field 140415s1986 cc ae grc 000 0 spa d
040 ## - CATALOGING SOURCE
Original cataloging agency Mx-PuUPA
Language of cataloging spa
Transcribing agency Mx-PuUPA
Modifying agency Mx-PuUPA
Description conventions rda
041 0# - LANGUAGE CODE
Language code of text/sound track or separate title spa
110 2# - MAIN ENTRY--CORPORATE NAME
Corporate name or jurisdiction name as entry element Sociedad Colombiana de Arquitectos,
9 (RLIN) 3345
245 10 - TITLE STATEMENT
Title Testimonio :
Remainder of title X bienal colombiana de arquitectura /
Statement of responsibility, etc. Sociedad colombiana de arquitectos
264 #1 - PRODUCTION, PUBLICATION, DISTRIBUTION, MANUFACTURE, AND COPYRIGHT NOTICE
Place of production, publication, distribution, manufacture Colombia :
Name of producer, publisher, distributor, manufacturer Talleres Litográficos de Escala,
Date of production, publication, distribution, manufacture, or copyright notice con la colaboración de Hunter Douglas, Banco
300 ## - PHYSICAL DESCRIPTION
Extent 68 páginas :
Other physical details ilustraciones, planos ;
Dimensions 38 cm
336 ## - CONTENT TYPE
Content type term texto
Fuente rdacontent
Content type code txt
337 ## - MEDIA TYPE
Media type term sin medio
Source rdamedia
Media type code n
338 ## - CARRIER TYPE
Carrier type term volumen
Source rdacarrier
Carrier type code nc
650 #7 - SUBJECT ADDED ENTRY--TOPICAL TERM
Topical term or geographic name entry element Arquitectura
Geographic subdivision Colombia
Chronological subdivision Siglo XX
Form subdivision Congresos, conferencias, etc.
Source of heading or term armarc
650 #7 - SUBJECT ADDED ENTRY--TOPICAL TERM
Topical term or geographic name entry element Arquitectura colombiana
Form subdivision Conservación y restauración
Source of heading or term armarc
650 #7 - SUBJECT ADDED ENTRY--TOPICAL TERM
Topical term or geographic name entry element Arquitectura moderna
Geographic subdivision Colombia
Chronological subdivision Siglo XX
Source of heading or term armarc
700 1# - ADDED ENTRY--PERSONAL NAME
Personal name Douglas, Hunter,
Relator term colaborador
942 ## - ADDED ENTRY ELEMENTS (KOHA)
Source of classification or shelving scheme Dewey Decimal Classification
Koha item type Libro
Classification part 720.98610904
Item part T335
Existencias
Withdrawn status Lost status Source of classification or shelving scheme Damaged status Not for loan Collection code Home library Current library Shelving location Date acquired Source of acquisition Total Checkouts Full call number Barcode Date last seen Price effective from Koha item type
    Dewey Decimal Classification     Referencia Biblioteca Karol Wojtyla Biblioteca Karol Wojtyla Área de silencio 20/02/2017 Compra   720.98610904 T335 1986 37299 05/01/2026 20/02/2017 Folio